000 00366nam a22001217a 4500
020 _a0000000485944
040 _cNUST
082 _a351.95491
_bMUH
100 _aMuhammad Aslam Ghuman
_981935
245 _aHan Yeh Such Hai
_bSarkari Corruption Ki Chasham Kusha Kahaniyan Mushahidat Waqiat Tajurbat
260 _aLahore:
_bSagar Publishers,
_c2016.
942 _2ddc
_cBK
999 _c586297
_d586297